000 00634nam a2200193 a 4500
001 20916
003 CO-ViMGA
008 141112s2004 ck r 000 u spa d
040 _aCO-ViMGA
_bspa
_cCO-ViMGA
082 0 4 _aMARq
100 1 _aMarín de Rubiano, Ana Julia
_930140
245 1 0 _aLo que el tiempo se llevó
260 _aVillavicencio :
_bLito - Serna,
_c2006
300 _a54p
505 _aCuentos juveniles 5
590 _aForma de adquisición : Doanción - - Precio : 3000 - - Proveedor : Ana Julia Marín - - Fecha de adquisición : Septiembre 2006
650 1 4 _aCUENTOS JUVENILES COLOMBIANOS
_99
942 _2ddc
_cBK
999 _c29791
_d29791